| 000 | 00478nam a2200181 a 4500 | ||
|---|---|---|---|
| 001 | 3195 | ||
| 003 | CO-ViMGA | ||
| 008 | 141112s2004 ck r 000 u spa d | ||
| 040 |
_aCO-ViMGA _bspa _cCO-ViMGA |
||
| 082 | 0 | 4 | _a636.1 R677 |
| 100 | 1 |
_aRossdale, Peter _952595 |
|
| 245 | 1 | 0 | _aCría y reproducción del caballo |
| 260 |
_aZaragoza (España) : _bAcribia, _c1991 |
||
| 300 | _a365 p : il | ||
| 490 | _aCiencias veterinarias | ||
| 650 | 1 | 4 | _aCABALLOS - CRIA |
| 942 |
_2ddc _cBK |
||
| 999 |
_c15245 _d15245 |
||